| 000 | 01491cam a2200433 a 4500 | ||
|---|---|---|---|
| 001 | 8639021 | ||
| 003 | OSt | ||
| 005 | 20210924113446.0 | ||
| 006 | m d | ||
| 007 | cr n | ||
| 008 | 110501s2010 enka sb 001 0 eng d | ||
| 015 |
_aGBA848590 _2bnb |
||
| 016 | 7 |
_a014567451 _2Uk |
|
| 020 | _a9780854049561 (hbk.) | ||
| 035 | _a(WaSeSS)ssj0000448022 | ||
| 038 | _akhadija | ||
| 040 |
_aUKM _cUKM _dYDXCP _dBWKUK _dBWK _dWaSeSS |
||
| 042 | _anlmcopyc | ||
| 050 | 4 |
_aR857.P6 _bP65 2010 |
|
| 060 | 0 | 0 | _a2010 F-753 |
| 060 | 1 | 0 | _aQT 36.5 |
| 082 | 0 | 4 |
_a610.28 _222 _bPOL |
| 210 | 1 | 0 | _aPolymer-based nanostructures |
| 245 | 0 | 0 |
_aPolymer-based nanostructures _bmedical applications / _cedited by Pavel Broz. |
| 260 |
_aCambridge, UK : _bRoyal Society of Chemistry, _cc2010. |
||
| 490 | 0 |
_aRSC nanoscience and nanotechnology, _x1757-7136 ; _v9 |
|
| 504 | _aIncludes bibliographical references and index. | ||
| 506 | _aLicense restrictions may limit access. | ||
| 563 | _ahardcover | ||
| 650 | 1 | 2 |
_aNanostructures _93334 |
| 650 | 2 | 2 |
_aPolymers _92051 |
| 700 | 1 |
_aBroz, Pavel. _982707 |
|
| 710 | 2 |
_aRoyal Society of Chemistry (Great Britain) _9443 |
|
| 773 | 0 | _tRoyal Society of Chemistry eBooks | |
| 830 | 0 |
_aRSC nanoscience & nanotechnology ; _v9. _982708 |
|
| 856 | 4 | 0 |
_uhttp://www.columbia.edu/cgi-bin/cul/resolve?clio8639021 _zFull text available from Royal Society of Chemistry eBooks |
| 910 | _aNational Library of Medicine record | ||
| 942 |
_2ddc _cBK |
||
| 999 |
_c32557 _d32557 |
||